[Event "World Summit (Woman)"]
[Site "Xian"]
[Date "2019.12.19"]
[Round "1"]
[White "Tan, Zhongyi"]
[Black "Kosteniuk, Alexandra"]
[Result "0-1"]
[WhiteElo "2502"]
[BlackElo "2483"]
[PlyCount "78"]
[EventDate "2019.12.19"]
[EventType "tourn (rapid)"]
[EventRounds "7"]
[EventCountry "CHN"]
[EventCategory "10"]
[SourceTitle "CBM 193 Extra"]
[Source "ChessBase"]
[SourceDate "2020.01.31"]
[SourceVersion "1"]
[SourceVersionDate "2020.01.31"]
[SourceQuality "1"]

1. d4 Nf6 2. Nf3 b6 3. g3 Bb7 4. Bg2 e6 5. O-O Be7 6. c4 O-O 7. Nc3 Ne4 8. Bd2
d6 9. d5 Nxd2 10. Qxd2 e5 11. b4 a5 12. a3 f5 13. e4 Bc8 14. Qc2 Qe8 15. Rfe1
Qh5 16. c5 bxc5 17. bxc5 Nd7 18. cxd6 cxd6 19. Nb5 fxe4 20. Nd2 e3 21. Rxe3 Nf6
22. Rf3 Bd7 23. a4 Rac8 24. Qb2 Bh3 25. Rc1 Rxc1+ 26. Qxc1 Bxg2 27. Kxg2 e4 28.
Rf4 Qxd5 29. Qc4 Qxc4 30. Nxc4 d5 31. Nxa5 Rc8 32. Rf5 Rc2 33. Nb3 Ra2 34. a5
e3 35. Re5 Ne4 36. Rxe7 Rxf2+ 37. Kg1 e2 38. Rxe4 Rf1+ 39. Kg2 dxe4 0-1

[Event "World Summit (Woman)"]
[Site "Xian"]
[Date "2019.12.19"]
[Round "2"]
[White "Dzagnidze, Nana"]
[Black "Kosteniuk, Alexandra"]
[Result "0-1"]
[WhiteElo "2520"]
[BlackElo "2483"]
[PlyCount "62"]
[EventDate "2019.12.19"]
[EventType "tourn (rapid)"]
[EventRounds "7"]
[EventCountry "CHN"]
[EventCategory "10"]
[SourceTitle "CBM 193 Extra"]
[Source "ChessBase"]
[SourceDate "2020.01.31"]
[SourceVersion "1"]
[SourceVersionDate "2020.01.31"]
[SourceQuality "1"]

1. c4 c5 2. Nf3 Nc6 3. Nc3 Nf6 4. d4 cxd4 5. Nxd4 Qb6 6. Nb3 e6 7. e4 Bb4 8.
Be3 Bxc3+ 9. bxc3 Qc7 10. f3 b6 11. c5 O-O 12. Qd2 Rd8 13. Bf4 e5 14. Bg5 d6
15. Bxf6 gxf6 16. cxd6 Rxd6 17. Qe3 f5 18. exf5 Ne7 19. g4 Nd5 20. Qg5+ Kf8 21.
Kf2 h6 22. Qc1 Nxc3 23. Qa3 Qe7 24. Qb2 Nd1+ 25. Rxd1 Rxd1 26. Qc2 Qh4+ 27. Kg2
Rd7 28. Bb5 Bb7 29. h3 Rc8 30. Qe2 e4 31. fxe4 Rc3 0-1

[Event "World Summit (Woman)"]
[Site "Xian"]
[Date "2019.12.19"]
[Round "3"]
[White "Kosteniuk, Alexandra"]
[Black "Hou, Yifan"]
[Result "1-0"]
[WhiteElo "2483"]
[BlackElo "2664"]
[PlyCount "133"]
[EventDate "2019.12.19"]
[EventType "tourn (rapid)"]
[EventRounds "7"]
[EventCountry "CHN"]
[EventCategory "10"]
[SourceTitle "CBM 193 Extra"]
[Source "ChessBase"]
[SourceDate "2020.01.31"]
[SourceVersion "1"]
[SourceVersionDate "2020.01.31"]
[SourceQuality "1"]

1. e4 c5 2. Nf3 d6 3. d4 cxd4 4. Nxd4 Nf6 5. Nc3 a6 6. Bg5 e6 7. Qf3 Nbd7 8.
Be2 Qc7 9. O-O Be7 10. a4 b6 11. Qg3 Bb7 12. Be3 O-O 13. Bh6 Ne8 14. Bg5 Bxg5
15. Qxg5 Nef6 16. Qe3 Nc5 17. Bf3 Rac8 18. Rfd1 Rfd8 19. Nde2 Ncd7 20. g3 Ne5
21. Bg2 Nfg4 22. Qd4 Nc6 23. Qd2 h6 24. h3 Nf6 25. Rac1 Ne5 26. b3 d5 27. exd5
Nxd5 28. Nxd5 Bxd5 29. Qe3 Bxg2 30. Kxg2 Qb7+ 31. f3 Nc6 32. Nf4 Ne7 33. c4 Nf5
34. Qe5 Qe7 35. g4 Qg5 36. Qe4 Nh4+ 37. Kg3 Nf5+ 38. Kg2 h5 39. Kh2 hxg4 40.
fxg4 Nh4 41. Kg3 g6 42. Ra1 b5 43. axb5 axb5 44. Rxd8+ Rxd8 45. Ra8 Rxa8 46.
Qxa8+ Kg7 47. Qa1+ e5 48. Nd5 bxc4 49. bxc4 Nf5+ 50. Kf3 Nd4+ 51. Ke4 Qd2 52.
Kxe5 Nb3 53. Qc3 Qd1 54. Kd6+ Kh6 55. Qh8+ Kg5 56. Qf6+ Kh6 57. h4 Qd4 58. Qxd4
Nxd4 59. Ke5 Nf3+ 60. Kf6 Nd2 61. Ne3 Nf3 62. c5 Nd4 63. Kxf7 Kh7 64. g5 Nc6
65. Ng4 Nd8+ 66. Ke7 Nc6+ 67. Kd7 1-0

[Event "World Summit (Woman)"]
[Site "Xian"]
[Date "2019.12.20"]
[Round "4"]
[White "Shen, Yang"]
[Black "Kosteniuk, Alexandra"]
[Result "1-0"]
[WhiteElo "2402"]
[BlackElo "2483"]
[PlyCount "141"]
[EventDate "2019.12.19"]
[EventType "tourn (rapid)"]
[EventRounds "7"]
[EventCountry "CHN"]
[EventCategory "10"]
[SourceTitle "CBM 193 Extra"]
[Source "ChessBase"]
[SourceDate "2020.01.31"]
[SourceVersion "1"]
[SourceVersionDate "2020.01.31"]
[SourceQuality "1"]

1. d4 Nf6 2. c4 e6 3. Nf3 Bb4+ 4. Bd2 Qe7 5. g3 Bxd2+ 6. Nfxd2 h5 7. Nc3 h4 8.
Bg2 Nc6 9. e3 e5 10. d5 Nb4 11. Nde4 Nxe4 12. Bxe4 Na6 13. d6 Qxd6 14. Qxd6
cxd6 15. Nb5 Ke7 16. O-O-O Rh6 17. gxh4 Nc5 18. Bc2 a6 19. Nc7 Rb8 20. Rhg1 Kd8
21. Nd5 Ne6 22. Rg4 b5 23. Nc3 Kc7 24. f4 Bb7 25. Nd5+ Kd8 26. f5 bxc4 27. fxe6
fxe6 28. Nc3 Bf3 29. Rxc4 Bxd1 30. Bxd1 Ke7 31. h5 g6 32. Ra4 gxh5 33. Rxa6 h4
34. Ra4 h3 35. Rg4 Rf8 36. Rg7+ Kd8 37. Ne4 Kc7 38. Ba4 Rd8 39. Ng5 Rf6 40.
Nxh3 d5 41. Ng5 d4 42. Kd2 dxe3+ 43. Kxe3 Kc8 44. Nf7 Rf8 45. Nxe5 d6 46. Bd7+
Kd8 47. Nc6+ Kc7 48. Nd4 Kb6 49. Bxe6 Rf2 50. b4 Rxh2 51. a4 Re8 52. Kd3 d5 53.
Bxd5 Rh3+ 54. Bf3 Rd8 55. Rf7 Rh4 56. a5+ Ka6 57. Bb7+ Ka7 58. Be4+ Ka6 59.
Rf6+ Ka7 60. Ke3 Re8 61. Ne6 Rh3+ 62. Kd4 Re7 63. Bd5 Rh5 64. Nf4 Rh4 65. b5
Rg7 66. Kc5 Rh2 67. b6+ Ka6 68. Ne6 Rg4 69. Rf8 Rc2+ 70. Kd6 Kxa5 71. b7 1-0

[Event "World Summit (Woman)"]
[Site "Xian"]
[Date "2019.12.20"]
[Round "5"]
[White "Kosteniuk, Alexandra"]
[Black "Ushenina, Anna"]
[Result "1-0"]
[WhiteElo "2483"]
[BlackElo "2416"]
[PlyCount "91"]
[EventDate "2019.12.19"]
[EventType "tourn (rapid)"]
[EventRounds "7"]
[EventCountry "CHN"]
[EventCategory "10"]
[SourceTitle "CBM 193 Extra"]
[Source "ChessBase"]
[SourceDate "2020.01.31"]
[SourceVersion "1"]
[SourceVersionDate "2020.01.31"]
[SourceQuality "1"]

1. e4 c5 2. Nc3 e6 3. Nf3 Nc6 4. d4 cxd4 5. Nxd4 Nf6 6. Be2 Bb4 7. O-O Bxc3 8.
bxc3 Nxe4 9. Bd3 d5 10. Bxe4 dxe4 11. Ba3 Nxd4 12. cxd4 Qa5 13. Qc1 Bd7 14. c4
f6 15. Re1 Bc6 16. Qe3 Kf7 17. f3 Rhe8 18. fxe4 Bxe4 19. Qxe4 Qxa3 20. Qxh7
Rad8 21. Rab1 b6 22. Rb3 Qd6 23. Qh5+ Ke7 24. d5 Rh8 25. Qg4 Qxh2+ 26. Kf2 Qh4+
27. Qxh4 Rxh4 28. Rxe6+ Kf7 29. Rc6 Rd7 30. a4 Re4 31. a5 bxa5 32. Ra3 Kg6 33.
Rxa5 Kf5 34. Ra3 Rde7 35. d6 Rd7 36. c5 Ke6 37. Rc3 a5 38. Ra6 Rb7 39. c6 Rb2+
40. Kf3 Ree2 41. c7 Rf2+ 42. Ke3 Rfe2+ 43. Kd4 Red2+ 44. Rd3 Rxd3+ 45. Kxd3 Kd7
46. Ra8 1-0

[Event "World Summit (Woman)"]
[Site "Xian"]
[Date "2019.12.20"]
[Round "6"]
[White "Khademalsharieh, Sarasadat"]
[Black "Kosteniuk, Alexandra"]
[Result "1-0"]
[WhiteElo "2487"]
[BlackElo "2483"]
[PlyCount "86"]
[EventDate "2019.12.19"]
[EventType "tourn (rapid)"]
[EventRounds "7"]
[EventCountry "CHN"]
[EventCategory "10"]
[SourceTitle "CBM 193 Extra"]
[Source "ChessBase"]
[SourceDate "2020.01.31"]
[SourceVersion "1"]
[SourceVersionDate "2020.01.31"]
[SourceQuality "1"]

1. d4 Nf6 2. c4 e6 3. Nf3 b6 4. a3 Bb7 5. Nc3 d5 6. cxd5 Nxd5 7. Qc2 Be7 8. e4
Nxc3 9. bxc3 O-O 10. Bd3 c5 11. O-O Qc7 12. Qe2 Nc6 13. Be3 Na5 14. e5 Rac8 15.
h4 cxd4 16. cxd4 Qc6 17. h5 Qd5 18. Rfd1 Nc4 19. a4 Nxe3 20. fxe3 f5 21. exf6
Bxf6 22. Nd2 Qd6 23. Qg4 e5 24. Qf5 exd4 25. Qxh7+ Kf7 26. Qg6+ Ke7 27. Be4 Ba6
28. Nf3 Be2 29. Nxd4 Bxd4 30. Qxd6+ Kxd6 31. Rxd4+ Ke5 32. Bg6 Rfd8 33. Re1 Bc4
34. Red1 Rxd4 35. Rxd4 Bd5 36. g4 Rc1+ 37. Kf2 Ra1 38. Rf4 Ra2+ 39. Kg3 Ra3 40.
Rf5+ Kd6 41. Bf7 Be4 42. Rg5 Rxe3+ 43. Kh4 Ke7 1-0

[Event "World Summit (Woman)"]
[Site "Xian"]
[Date "2019.12.20"]
[Round "7"]
[White "Kosteniuk, Alexandra"]
[Black "Stefanova, Antoaneta"]
[Result "1/2-1/2"]
[WhiteElo "2483"]
[BlackElo "2476"]
[PlyCount "112"]
[EventDate "2019.12.19"]
[EventType "tourn (rapid)"]
[EventRounds "7"]
[EventCountry "CHN"]
[EventCategory "10"]
[SourceTitle "CBM 193 Extra"]
[Source "ChessBase"]
[SourceDate "2020.01.31"]
[SourceVersion "1"]
[SourceVersionDate "2020.01.31"]
[SourceQuality "1"]

1. e4 e5 2. Nf3 Nc6 3. Bc4 Bc5 4. d3 Nf6 5. a4 a6 6. c3 d6 7. a5 h6 8. O-O Ba7
9. Re1 O-O 10. Be3 Bxe3 11. Rxe3 d5 12. exd5 Nxd5 13. Re1 Nf4 14. g3 Nh3+ 15.
Kg2 Bg4 16. Nbd2 Qd7 17. Re3 Kh8 18. Qb3 f5 19. Nxe5 Nxe5 20. Rxe5 f4 21. f3
fxg3 22. Kxg3 Bxf3 23. Nxf3 Qd6 24. Qxb7 Ng5 25. Qd5 Rxf3+ 26. Kg4 Raf8 27.
Qxd6 cxd6 28. h4 R3f4+ 29. Kg3 Rf3+ 30. Kg2 Rf2+ 31. Kg3 R8f3+ 32. Kg4 Rg2+ 33.
Kh5 dxe5 34. hxg5 Rxg5+ 35. Kh4 Rgg3 36. Re1 Rh3+ 37. Kg4 Rhg3+ 38. Kh4 g5+ 39.
Kh5 Kg7 40. Rxe5 Rh3+ 41. Kg4 Rhg3+ 42. Kh5 Rf6 43. Re7+ Kf8 44. Ra7 Rg2 45.
Bxa6 Rh2+ 46. Kg4 Rf4+ 47. Kg3 Rxb2 48. Bb7 h5 49. Be4 h4+ 50. Kh3 Ra2 51. a6
Rf6 52. Ra8+ Kg7 53. Ra7+ Kf8 54. Ra8+ Kg7 55. Ra7+ Kf8 56. Ra8+ Kg7 1/2-1/2

[Event "Wch Rapid (Women)"]
[Site "Moscow"]
[Date "2019.12.26"]
[Round "1"]
[White "Kovanova, Baira"]
[Black "Kosteniuk, Alexandra"]
[Result "1-0"]
[WhiteElo "2335"]
[BlackElo "2483"]
[PlyCount "79"]
[EventDate "2019.12.26"]
[EventType "swiss (rapid)"]
[EventRounds "12"]
[EventCountry "RUS"]
[SourceTitle "CBM 193 Extra"]
[Source "ChessBase"]
[SourceDate "2020.01.31"]
[SourceVersion "1"]
[SourceVersionDate "2020.01.31"]
[SourceQuality "1"]

1. e4 e5 2. Nf3 Nc6 3. Nc3 Nf6 4. d4 exd4 5. Nxd4 Bb4 6. Nxc6 bxc6 7. Bd3 O-O
8. O-O d5 9. exd5 cxd5 10. Bg5 c6 11. Qf3 Rb8 12. h3 Be6 13. Ne2 c5 14. Rad1 h6
15. Bh4 Ba5 16. b3 Bc7 17. Nf4 g5 18. Nh5 Nxh5 19. Qxh5 Qf6 20. Bg3 Bxg3 21.
fxg3 Qg7 22. Rf2 c4 23. Bf5 cxb3 24. axb3 Rbc8 25. Bd3 Rc6 26. Rdf1 Bc8 27. c4
d4 28. Be4 Rb6 29. Bd5 Be6 30. c5 Bxd5 31. cxb6 axb6 32. Rf6 Rc8 33. Qd1 Be6
34. Qxd4 b5 35. b4 Qh7 36. Qe5 Rc6 37. Qxb5 Qe4 38. Rxh6 Qe3+ 39. Kh2 Rc3 40.
Qe8+ 1-0

[Event "Wch Rapid (Women)"]
[Site "Moscow"]
[Date "2019.12.26"]
[Round "2"]
[White "Kosteniuk, Alexandra"]
[Black "Gevorgyan, Maria"]
[Result "1-0"]
[WhiteElo "2483"]
[BlackElo "2255"]
[PlyCount "75"]
[EventDate "2019.12.26"]
[EventType "swiss (rapid)"]
[EventRounds "12"]
[EventCountry "RUS"]
[SourceTitle "CBM 193 Extra"]
[Source "ChessBase"]
[SourceDate "2020.01.31"]
[SourceVersion "1"]
[SourceVersionDate "2020.01.31"]
[SourceQuality "1"]

1. e4 c5 2. Nc3 Nc6 3. Bb5 Nd4 4. Bc4 e6 5. Nge2 Nf6 6. e5 d5 7. Nxd4 cxd4 8.
Bb5+ Nd7 9. Ne2 Qg5 10. O-O Qxe5 11. f4 Qf6 12. Qe1 a6 13. Bxd7+ Bxd7 14. d3
Rc8 15. f5 e5 16. Ng3 Rxc2 17. Bf4 Bd6 18. Nh5 Qe7 19. Qd1 Rxb2 20. Bc1 Rb6 21.
f6 gxf6 22. Nxf6+ Kd8 23. Nxd5 Qh4 24. Nxb6 e4 25. Bg5+ Qxg5 26. Nxd7 Rg8 27.
Qe2 Qh4 28. g3 Bxg3 29. Kh1 Kxd7 30. Rxf7+ Kd8 31. Rg1 Rg6 32. Qb2 exd3 33.
Rxg3 d2 34. Qxd2 Rxg3 35. Rf4 Qh5 36. Rxd4+ Ke7 37. Re4+ Kf7 38. Qf4+ 1-0

[Event "Wch Rapid (Women)"]
[Site "Moscow"]
[Date "2019.12.26"]
[Round "3"]
[White "Hejazipour, Mitra"]
[Black "Kosteniuk, Alexandra"]
[Result "0-1"]
[WhiteElo "2277"]
[BlackElo "2483"]
[PlyCount "78"]
[EventDate "2019.12.26"]
[EventType "swiss (rapid)"]
[EventRounds "12"]
[EventCountry "RUS"]
[SourceTitle "CBM 193 Extra"]
[Source "ChessBase"]
[SourceDate "2020.01.31"]
[SourceVersion "1"]
[SourceVersionDate "2020.01.31"]
[SourceQuality "1"]

1. Nf3 Nf6 2. c4 c5 3. g3 Nc6 4. d4 cxd4 5. Nxd4 Qb6 6. Nb3 Ne5 7. c5 Qc6 8. f3
b6 9. cxb6 Qxb6 10. Qd4 Nc6 11. Qxb6 axb6 12. Nc3 d5 13. Nb5 Kd7 14. Bd2 e6 15.
a3 Ba6 16. e4 Ne5 17. Kf2 Nc4 18. Nc3 Nxb2 19. exd5 Nxd5 20. Nxd5 exd5 21. Bh3+
Kc7 22. Rhb1 Nd3+ 23. Kg2 Re8 24. Nc1 Ne1+ 25. Kh1 Nxf3 26. Bf4+ Kc6 27. Nb3 g5
28. Bg2 gxf4 29. Bxf3 Bg7 30. Rc1+ Kd6 31. Rab1 Bd3 32. Nd2 Bxb1 33. Rxb1 fxg3
34. Rxb6+ Kc5 35. Rb7 gxh2 36. Rxf7 Be5 37. Nb3+ Kd6 38. Ra7 Ra8 39. Rb7 Rhb8
0-1

[Event "Wch Rapid (Women)"]
[Site "Moscow"]
[Date "2019.12.26"]
[Round "4"]
[White "Kosteniuk, Alexandra"]
[Black "Afonasieva, Anna"]
[Result "1-0"]
[WhiteElo "2483"]
[BlackElo "2302"]
[PlyCount "55"]
[EventDate "2019.12.26"]
[EventType "swiss (rapid)"]
[EventRounds "12"]
[EventCountry "RUS"]
[SourceTitle "CBM 193 Extra"]
[Source "ChessBase"]
[SourceDate "2020.01.31"]
[SourceVersion "1"]
[SourceVersionDate "2020.01.31"]
[SourceQuality "1"]

1. e4 c6 2. Nc3 d5 3. Nf3 Bg4 4. h3 Bxf3 5. Qxf3 Nf6 6. g3 e6 7. Bg2 Bb4 8. O-O
Bxc3 9. Qxc3 dxe4 10. b3 Nbd7 11. Re1 O-O 12. Bb2 e5 13. Qc4 Nb6 14. Qe2 Qd5
15. Rad1 Rad8 16. d3 exd3 17. Rxd3 Qe6 18. Bxe5 Rde8 19. Qd1 Nbd5 20. c4 Nb4
21. Rde3 Rd8 22. Qb1 Qd7 23. Bxf6 gxf6 24. Re7 Qd2 25. Qf5 Nd3 26. R1e4 Rd6 27.
Rg4+ Kh8 28. Rxf7 1-0

[Event "Wch Rapid (Women)"]
[Site "Moscow"]
[Date "2019.12.27"]
[Round "5"]
[White "Galliamova, Alisa"]
[Black "Kosteniuk, Alexandra"]
[Result "1-0"]
[WhiteElo "2438"]
[BlackElo "2483"]
[PlyCount "79"]
[EventDate "2019.12.26"]
[EventType "swiss (rapid)"]
[EventRounds "12"]
[EventCountry "RUS"]
[SourceTitle "CBM 193 Extra"]
[Source "ChessBase"]
[SourceDate "2020.01.31"]
[SourceVersion "1"]
[SourceVersionDate "2020.01.31"]
[SourceQuality "1"]

1. d4 Nf6 2. Nf3 e6 3. g3 d5 4. Bg2 b5 5. O-O Be7 6. c3 a5 7. Bg5 O-O 8. Nbd2
Bb7 9. Ne5 Nbd7 10. Nxd7 Qxd7 11. Bxf6 Bxf6 12. e4 dxe4 13. Nxe4 Bxe4 14. Bxe4
Rab8 15. Qf3 b4 16. Qh5 g6 17. Qxa5 bxc3 18. bxc3 Rb5 19. Qa6 Rb6 20. Qc4 e5
21. dxe5 Bxe5 22. a4 Qd2 23. a5 Rf6 24. a6 Bxc3 25. Ra2 Qd4 26. Qxd4 Bxd4 27.
a7 Bxa7 28. Rxa7 Rc8 29. Rc1 c5 30. Bd5 Rf5 31. Rd7 h5 32. Kg2 Kf8 33. Bb7 Re8
34. Rc2 Re7 35. Rxe7 Kxe7 36. f4 Kd6 37. Be4 Rf6 38. Ra2 Kc7 39. Bd5 Rf5 40.
Bxf7 1-0

[Event "Wch Rapid (Women)"]
[Site "Moscow"]
[Date "2019.12.27"]
[Round "6"]
[White "Kosteniuk, Alexandra"]
[Black "Manakova, Maria"]
[Result "1-0"]
[WhiteElo "2483"]
[BlackElo "2238"]
[PlyCount "65"]
[EventDate "2019.12.26"]
[EventType "swiss (rapid)"]
[EventRounds "12"]
[EventCountry "RUS"]
[SourceTitle "CBM 193 Extra"]
[Source "ChessBase"]
[SourceDate "2020.01.31"]
[SourceVersion "1"]
[SourceVersionDate "2020.01.31"]
[SourceQuality "1"]

1. e4 c5 2. Nc3 Nc6 3. Bb5 Nd4 4. Bc4 e6 5. Nge2 d6 6. O-O Nf6 7. d3 Be7 8.
Nxd4 cxd4 9. Ne2 e5 10. f4 O-O 11. f5 d5 12. exd5 Nxd5 13. Ng3 Nf4 14. Bxf4
exf4 15. Rxf4 Bg5 16. Rf1 Qb6 17. Bb3 Qf6 18. Kh1 Be3 19. Ne4 Qe5 20. Qf3 Bd7
21. Bd5 Rac8 22. c4 dxc3 23. bxc3 Bh6 24. Bxb7 Rb8 25. Bd5 Rb2 26. d4 Qc7 27.
Nc5 Bc8 28. Ne6 Bxe6 29. fxe6 Kh8 30. Rae1 f6 31. e7 Re8 32. Bf7 Rxe7 33. Rxe7
1-0

[Event "Wch Rapid (Women)"]
[Site "Moscow"]
[Date "2019.12.27"]
[Round "7"]
[White "Girya, Olga"]
[Black "Kosteniuk, Alexandra"]
[Result "1-0"]
[WhiteElo "2488"]
[BlackElo "2483"]
[PlyCount "65"]
[EventDate "2019.12.26"]
[EventType "swiss (rapid)"]
[EventRounds "12"]
[EventCountry "RUS"]
[SourceTitle "CBM 193 Extra"]
[Source "ChessBase"]
[SourceDate "2020.01.31"]
[SourceVersion "1"]
[SourceVersionDate "2020.01.31"]
[SourceQuality "1"]

1. d4 Nf6 2. c4 e6 3. Nf3 Bb4+ 4. Bd2 Qe7 5. g3 Bxd2+ 6. Qxd2 Nc6 7. b3 Ne4 8.
Qb2 f5 9. Bg2 d6 10. Nc3 O-O 11. O-O Nxc3 12. Qxc3 e5 13. e3 f4 14. exf4 exf4
15. d5 Nd8 16. Rae1 Qf7 17. Re4 Qh5 18. Re7 Nf7 19. gxf4 h6 20. Nd4 Qh4 21.
Rxc7 Qxf4 22. Ne6 Bxe6 23. dxe6 Ne5 24. Rxb7 Rae8 25. Qg3 g5 26. Qxf4 gxf4 27.
Bd5 Rf6 28. Kh1 Kf8 29. Rg1 Rfxe6 30. Bxe6 Rxe6 31. Rgg7 f3 32. Rh7 Kg8 33.
Rhe7 1-0

[Event "Wch Rapid (Women)"]
[Site "Moscow"]
[Date "2019.12.27"]
[Round "8"]
[White "Kosteniuk, Alexandra"]
[Black "Gvetadze, Sofio"]
[Result "1/2-1/2"]
[WhiteElo "2483"]
[BlackElo "2301"]
[PlyCount "100"]
[EventDate "2019.12.26"]
[EventType "swiss (rapid)"]
[EventRounds "12"]
[EventCountry "RUS"]
[SourceTitle "CBM 193 Extra"]
[Source "ChessBase"]
[SourceDate "2020.01.31"]
[SourceVersion "1"]
[SourceVersionDate "2020.01.31"]
[SourceQuality "1"]

1. e4 c5 2. Nc3 Nc6 3. Bb5 g6 4. Bxc6 bxc6 5. Nge2 Bg7 6. O-O d6 7. d3 Nf6 8.
f4 O-O 9. Qe1 Nd7 10. f5 Ne5 11. Qg3 e6 12. fxe6 Bxe6 13. b3 Qd7 14. Bd2 Rae8
15. Nf4 f5 16. Nxe6 Qxe6 17. Rae1 Qd7 18. h3 Rf7 19. exf5 Rxf5 20. Rxf5 Qxf5
21. Ne4 Qd7 22. Bf4 Nf7 23. Qg4 Qd8 24. Bg3 Bd4+ 25. Kh1 d5 26. Bh4 Qb8 27.
Nf6+ Bxf6 28. Rxe8+ Qxe8 29. Bxf6 Nh6 30. Qf4 Nf5 31. Qc7 Qe6 32. Be5 a6 33. g4
Ne7 34. Kg2 h5 35. Kg3 Kf7 36. c3 hxg4 37. hxg4 c4 38. bxc4 dxc4 39. d4 g5 40.
Qb7 Qh6 41. Qxa6 Qh4+ 42. Kf3 Qh3+ 43. Kf2 Qxc3 44. Qa7 Qd2+ 45. Kf3 c3 46. Bd6
Qd3+ 47. Kf2 Qd2+ 48. Kf3 Qd3+ 49. Kf2 Qd2+ 50. Kf3 Qd3+ 1/2-1/2

[Event "Wch Rapid (Women)"]
[Site "Moscow"]
[Date "2019.12.28"]
[Round "9"]
[White "Dordzhieva, Dinara"]
[Black "Kosteniuk, Alexandra"]
[Result "0-1"]
[WhiteElo "2314"]
[BlackElo "2483"]
[PlyCount "58"]
[EventDate "2019.12.26"]
[EventType "swiss (rapid)"]
[EventRounds "12"]
[EventCountry "RUS"]
[SourceTitle "CBM 193 Extra"]
[Source "ChessBase"]
[SourceDate "2020.01.31"]
[SourceVersion "1"]
[SourceVersionDate "2020.01.31"]
[SourceQuality "1"]

1. d4 Nf6 2. c4 e6 3. g3 d5 4. Nf3 Bb4+ 5. Bd2 Bd6 6. Bg2 O-O 7. O-O dxc4 8.
Qa4 a6 9. Qxc4 b5 10. Qc2 Bb7 11. Nc3 Nbd7 12. a3 c5 13. dxc5 Bxc5 14. Rfd1 Qb6
15. Be1 Rfd8 16. Rac1 Rac8 17. Qb1 Ng4 18. e3 Bxe3 19. Rc2 Bc5 20. Rcd2 Nf8 21.
Ne4 Bxe4 22. Qxe4 Bxf2+ 23. Kh1 Bxe1 24. Qxe1 Nf2+ 25. Qxf2 Qxf2 26. Rxf2 Rxd1+
27. Bf1 Rdc1 28. Ng5 f6 29. Ne4 R8c2 0-1

[Event "Wch Rapid (Women)"]
[Site "Moscow"]
[Date "2019.12.28"]
[Round "11"]
[White "Harika, Dronavalli"]
[Black "Kosteniuk, Alexandra"]
[Result "1/2-1/2"]
[WhiteElo "2518"]
[BlackElo "2483"]
[PlyCount "106"]
[EventDate "2019.12.26"]
[EventType "swiss (rapid)"]
[EventRounds "12"]
[EventCountry "RUS"]
[SourceTitle "CBM 193 Extra"]
[Source "ChessBase"]
[SourceDate "2020.01.31"]
[SourceVersion "1"]
[SourceVersionDate "2020.01.31"]
[SourceQuality "1"]

1. Nf3 Nf6 2. b3 b6 3. g3 Bb7 4. Bg2 e6 5. Bb2 Be7 6. c4 d5 7. O-O O-O 8. e3 c5
9. Nc3 dxc4 10. bxc4 Nc6 11. Qe2 Qc7 12. Ne1 Rad8 13. f4 Nb4 14. Bxb7 Qxb7 15.
a3 Nc6 16. g4 Na5 17. d3 Nd7 18. g5 f5 19. Rd1 Rfe8 20. Nf3 g6 21. Qc2 Bf8 22.
Nb5 a6 23. Nc3 Bg7 24. Rb1 Qc7 25. Ne2 Bxb2 26. Rxb2 Nc6 27. Nc3 Ne7 28. Qb3
Qd6 29. Ne2 Nc6 30. d4 cxd4 31. exd4 Na5 32. Qb4 Qc6 33. c5 Rb8 34. Rc2 Qe4 35.
Rd2 Qe3+ 36. Rf2 Nb3 37. c6 Nxd2 38. Qxd2 Qxd2 39. Nxd2 Nf8 40. Nc4 Rec8 41.
Ne5 b5 42. Rf3 Rb6 43. Rc3 a5 44. Kf2 b4 45. axb4 axb4 46. Rb3 Rcxc6 47. Nxc6
Rxc6 48. Rxb4 Nd7 49. Rb7 Nb6 50. Rb8+ Kf7 51. Rb7+ Kg8 52. Rb8+ Kf7 53. Rb7+
Kg8 1/2-1/2

[Event "Wch Rapid (Women)"]
[Site "Moscow"]
[Date "2019.12.28"]
[Round "12"]
[White "Khomeriki, Nino"]
[Black "Kosteniuk, Alexandra"]
[Result "0-1"]
[WhiteElo "2355"]
[BlackElo "2483"]
[PlyCount "72"]
[EventDate "2019.12.26"]
[EventType "swiss (rapid)"]
[EventRounds "12"]
[EventCountry "RUS"]
[SourceTitle "CBM 193 Extra"]
[Source "ChessBase"]
[SourceDate "2020.01.31"]
[SourceVersion "1"]
[SourceVersionDate "2020.01.31"]
[SourceQuality "1"]

1. d4 Nf6 2. c4 e6 3. Nf3 Bb4+ 4. Bd2 Qe7 5. Nc3 Bxc3 6. Bxc3 Ne4 7. Rc1 d6 8.
g3 O-O 9. Bg2 Nxc3 10. Rxc3 Nc6 11. O-O e5 12. Re3 f6 13. d5 Nb8 14. Ra3 f5 15.
b4 Nd7 16. Qc2 b6 17. Nd2 e4 18. f3 e3 19. Nb3 f4 20. Nd4 Ne5 21. Qe4 Qg5 22.
Rc1 fxg3 23. h4 Qh6 24. Ne6 Bxe6 25. dxe6 Rae8 26. Bh3 Rf4 27. Qxe3 Qxh4 28.
Kg2 Ng6 29. e7 Rxe7 30. Be6+ Kf8 31. Rh1 Qf6 32. Rxa7 Rxe6 33. Ra8+ Kf7 34. Qd2
Rd4 35. Qc2 Rxe2+ 36. Qxe2 Nf4+ 0-1

[Event "Wch Blitz (Women)"]
[Site "Moscow"]
[Date "2019.12.29"]
[Round "1"]
[White "Kosteniuk, Alexandra"]
[Black "Solozhenkina, Elizaveta"]
[Result "1/2-1/2"]
[WhiteElo "2483"]
[BlackElo "2329"]
[PlyCount "69"]
[EventDate "2019.12.29"]
[EventType "swiss (blitz)"]
[EventRounds "17"]
[EventCountry "RUS"]
[SourceTitle "CBM 193 Extra"]
[Source "ChessBase"]
[SourceDate "2020.01.31"]
[SourceVersion "1"]
[SourceVersionDate "2020.01.31"]
[SourceQuality "1"]

1. d4 Nf6 2. Bg5 d5 3. Bxf6 gxf6 4. e3 c5 5. dxc5 Nc6 6. Bb5 e6 7. Nd2 Bxc5 8.
c4 dxc4 9. Ngf3 c3 10. bxc3 O-O 11. O-O Qc7 12. Qa4 f5 13. Qh4 Qe7 14. Qg3+ Kh8
15. Bxc6 bxc6 16. Ne5 Rg8 17. Qf3 f6 18. Nxc6 Qc7 19. Nd4 Bb7 20. e4 Bxd4 21.
cxd4 Qc2 22. Qe3 Rac8 23. d5 fxe4 24. dxe6 Rcd8 25. Nb3 Qc4 26. e7 Rd3 27. Qf4
Qf7 28. Nc5 Rf3 29. Qc7 Bd5 30. Rab1 e3 31. Rb8 Rxf2 32. Rxf2 exf2+ 33. Kxf2
Bxa2 34. Qd8 Qh5 35. Qe8 1/2-1/2

[Event "Wch Blitz (Women)"]
[Site "Moscow"]
[Date "2019.12.29"]
[Round "2"]
[White "Mkrtchian, Lilit"]
[Black "Kosteniuk, Alexandra"]
[Result "0-1"]
[WhiteElo "2395"]
[BlackElo "2483"]
[PlyCount "112"]
[EventDate "2019.12.29"]
[EventType "swiss (blitz)"]
[EventRounds "17"]
[EventCountry "RUS"]
[SourceTitle "CBM 193 Extra"]
[Source "ChessBase"]
[SourceDate "2020.01.31"]
[SourceVersion "1"]
[SourceVersionDate "2020.01.31"]
[SourceQuality "1"]

1. c4 c5 2. g3 Nf6 3. Bg2 d5 4. cxd5 Nxd5 5. Nc3 Nc7 6. b3 g6 7. Bb2 Bg7 8. Rc1
O-O 9. Nf3 Nc6 10. O-O Bf5 11. Na4 Bxb2 12. Nxb2 b6 13. d4 Nb4 14. dxc5 Nxa2
15. Rc4 bxc5 16. Rxc5 Na6 17. Rd5 Qc7 18. Qd2 Nc3 19. Rd4 Rad8 20. Nc4 Ne4 21.
Qe3 Nb4 22. Rxd8 Rxd8 23. Nd4 Nd5 24. Qh6 Ndc3 25. Nxf5 gxf5 26. Bf3 Qc5 27.
Ne3 Qd6 28. Nxf5 Qxh6 29. Nxh6+ Kg7 30. Nf5+ Kf6 31. Ne3 Nd2 32. Ra1 Nxf3+ 33.
exf3 Rd7 34. Ra6+ e6 35. Kg2 Nb5 36. Nc4 Nd4 37. Na5 Rc7 38. Rd6 Nf5 39. Rd3
Rc2 40. f4 Ne7 41. Nc4 Nd5 42. Kf3 Ra2 43. Rd2 Ra1 44. h4 h5 45. Ne3 Ne7 46.
Rd7 a5 47. g4 Ng6 48. gxh5 Nxh4+ 49. Kg4 Nf5 50. Nxf5 exf5+ 51. Kf3 Ra3 52.
Rd6+ Kg7 53. h6+ Kh7 54. Rb6 a4 55. Kg3 Rxb3+ 56. Rxb3 axb3 0-1